Missing Word: Alabama A-Z Quiz Stats

 Plays Quiz Updated Aug 19, 2019

Score 0/24 Timer 04:00
1 Play Today
Hint Answer % Correct
Alabama's marine border, _____ of MexicoGulf
94.4%
Civil Rights activist, Rosa _____Parks
92.2%
University of Alabama nickname, _____ TideCrimson
91.8%
Blind-deaf author and activist, Helen _____Keller
91.6%
Hank _____, MLB Hall of Famer and former home run kingAaron
91%
The longest body of water to flow through Alabama, the Tennessee _____River
88.9%
_____, Alabama, the state's largest cityBirmingham
86.2%
Olympic athlete and gold medalist, Jesse _____Owens
83.8%
Hank _____, country music singerWilliams
81.7%
Star blue _____, the Alabama gemstoneQuartz
79.4%
Talladega Superspeedway hosts _____ eventsNASCAR
76.7%
Activist, Coretta _____ KingScott
76.7%
Hint Answer % Correct
Boxer Joe _____, the Brown BomberLouis
73.2%
Auburn _____ TigersUniversity
67.3%
Auburn University motto, War _____Eagle
52.8%
Annual Alabama-Auburn football game, ____ BowlIron
52.8%
_____, Alabama, where the University of Alabama is locatedTuscaloosa
52.3%
Nurse Ratched actress, Louise _____Fletcher
52.2%
_____, Alabama, the state's third largest cityHuntsville
42.4%
Civil Rights _____ CenterMemorial
28%
Alabama nickname, the _____ State, after the state birdYellowhammer
19.3%
George H. ______, partial namesake of the University of Alabama stadiumDenny
18.9%
Ralph ‘Shug’ ______, partial namesake of the Auburn University stadiumJordan
18.8%
_____ Hills, Alabama, a suburb and the state’s fifteenth largest cityVestavia
11.3%

Today's Daily Dose

Missing Word
Banned Books (A-Z)

Word Ladder
Janis Joplin

Get the Picture
Occupations

You're not logged in!

Compare scores with friends on all Sporcle quizzes.
OR
Log In

Sporcle TV

Today on Sporcle TV


Watch our educational content, quiz creation guides, and fun videos on Sporcle TV.

Show Comments

Extras

Top Quizzes Today


Score Distribution

Your Account Isn't Verified!

In order to create a playlist on Sporcle, you need to verify the email address you used during registration. Go to your Sporcle Settings to finish the process.

Report this User

Report this user for behavior that violates our Community Guidelines.

Details: